| 000 | 00510nam a2200181Ia 4500 | ||
|---|---|---|---|
| 005 | 20250508154657.0 | ||
| 008 | 008 250505s9999 xx 000 0 eng d | ||
| 037 | _aTextual | ||
| 040 |
_aFEDL _beng _cFEDL |
||
| 041 |
_aeng _2eng |
||
| 084 |
_a371.5, SYL _qFEDL |
||
| 100 |
_aSylwester Robert _9765843 |
||
| 245 | 0 | _aCommon sense in classroom relations | |
| 260 |
_aWest Nyack _bParker Publishing Company _c1966 |
||
| 300 | _a207p | ||
| 942 |
_cTEXL _h371.5, SYL |
||
| 999 |
_c1351551 _d1351551 |
||